Państwa świata bez dostępu do morza - Statystyki

Ogólne statystyki
  • Ten quiz został rozwiązany 72 razy
  • Średni wynik to 35 z 45
Statystyki odpowiedzi
Państwo % Poprawnych
Czechy
96%
Węgry
95%
Andora
93%
Liechtenstein
93%
San Marino
93%
Boliwia
91%
Serbia
91%
Słowacja
91%
Luksemburg
89%
Austria
88%
Watykan
88%
Czad
86%
Kirgistan
86%
Tadżykistan
86%
Turkmenistan
86%
Paragwaj
84%
Uzbekistan
84%
Bhutan
82%
Mongolia
82%
Nepal
82%
Szwajcaria
82%
Kazachstan
81%
Afganistan
79%
Lesotho
79%
Eswatini
77%
Mali
75%
Armenia
74%
Białoruś
74%
Kosowo
74%
Mołdawia
74%
Zambia
74%
Macedonia
70%
Sudan Południowy
68%
Zimbabwe
68%
Laos
67%
Azerbejdżan
65%
Burkina Faso
65%
Niger
65%
Botswana
61%
Burundi
61%
Etiopia
60%
Rwanda
60%
Uganda
60%
Malawi
58%
Republika Środkowoafrykańska
56%
Nie znaleziono quizów pasujących do podanych kryteriów
Rozkład punktacji
Procent ludzi z każdym wynikiem
Percentyl według liczby udzielonych odpowiedzi
Twoja historia wyników
Nie rozwiązałeś tego quizu